000
00278nam a2200109Ia 4500
008
200302s9999 xx 000 0 und d
100
_a
Jane Burry + Mark Burry
245
_a
The New Mathematics of Architecture
260
_b
Thames and Hudson Ltd.
260
_c
2012
300
_a
269
999
_c
3567
_d
3567